000 00497nam a2200109Ia 4500
008 171212s9999 xx 000 0 und d
100 _aBurkhauser, Susan;Gates, Susan M.;Hamilton, Laura S.;Li, Jennifer J.;Pierson, Ashley
245 _cBurkhauser, Susan;Gates, Susan M.;Hamilton, Laura S.;Li, Jennifer J.;Pierson, Ashley
_aLaying the Foundation for Successful School Leadership
260 _bRAND Corporation
_c2013
650 _aEducation
856 _uhttp://www.jstor.org/stable/10.7249/j.ctt5vjw9r
999 _c352256
_d352256